000 00603nam a22001817a 4500
005 20251103190023.0
008 251103b |||||||| |||| 00| 0 eng d
020 _a9788180040054
050 _aRT120.15
_b.S77
100 _aStrawn, Rhonda M.
245 _aReady Reference for Critical Care
_cRhonda M. Strawn & Bonnie P. Stewart
250 _a2nd ed.
260 _aSudbury, Mass.
_bJones and Bartlett Publishers
_c1997
260 _aNew Delhi
_bAll India Publishers & Distributors
_c2005
300 _axii. 436p.
_bill. some color
_c21.5cm
700 _aStewart, Bonnie P.
942 _2lcc
_cBK
_e2nd ed.
_n0
999 _c8006
_d8006